01455cam a22003857a 4500003000500000005001700005008004100022010000800063011000900071035000800080040000900088090001000097100004200107245013500149260004000284300002200324502006900346590003700415590004100452590004100493590004100534590004100575590004100616590004100657590004200698650003600740650003200776650003000808700003600838901000700874942001000881949003900891999001300930952012600943CHAP20220329132926.0971013s1989 r 00010 d a317 a1289 a465 cCHAP aTesis00aRodríguez Santiago, Bartolo.998899 0aEvaluación de la estructura y desarrollo de la regeneración de Pinus douglasiana Mtz. en Concepción de Buenos Aires, Jalisco aChapingo, Méx. :bEl autor,c1989 a71 h.b; gráfs. aTesis (Ing. Forestal) -- UACH. División de Ciencias Forestales aALEPHb10c20130110lUCH01h1205 aBATCH-UPDb10c20130109lUCH01h2326 aBATCH-UPDb10c20130110lUCH01h0053 aBATCH-UPDb10c20130110lUCH01h1617 aBATCH-UPDb10c20130409lUCH01h1850 aBATCH-UPDb10c20130410lUCH01h1011 aBATCH-UPDb10c20130914lUCH01h0705 aCONVERSIONb10c20130109lUCH01h130214aBosquesxRegeneración.91437714aPináceasxJalisco.98824714aPinus douglasiana.9883310 aGarcía Cuevas, Xavier.945895 aBK cTESIS bBCcTESd-9912eTS1h22551i465si c317d317 00102local4051708TESISaBCbBCcPA_TESISd2019-12-31fTESISl0oTesisp-9912r2019-12-31 00:00:00w2019-12-31yTESIS